Logo BPK

Biblioteka

Politechniki Koszalińskiej

Zbiór przepisów prawnych dla bibliotek publicznych / (Rekord nr 26117)

Szczegóły MARC
000 -ETYKIETA REKORDU
podpole kontrolne o stałej długości 00463nam a2200169 i 4500
001 - NUMER KONTROLNY REKORDU
pole kontrolne bg
040 ## - ŹRÓDŁO KATALOGOWANIA
Instytucja, która utworzyła rekord BPK
041 ## - KOD JĘZYKA
Kod języka tekstu pol
080 ## - UNIWERSALNA KLASYFIKACJA DZIESIĘTNA - UKD
UKD 027:351.85(438)
008 - POLE O STAŁEJ DŁUGOŚCI - DANE KONTROLNE
podpole kontrolne o stałej długości s pl f |000 0 pol
100 1# - NAZWA OSOBOWA
Nazwa osobowa BILIŃSKI, Lucjan
245 #0 - TYTUŁ/ODPOWIEDZIALNOŚĆ
Tytuł Zbiór przepisów prawnych dla bibliotek publicznych /
Pozostałe elementy strefy tytułu i oznaczenia odpowiedzialności L. Biliński, E. Gruberska, K. Podhorski.
260 ## - STREFA ADRESU WYDAWNICZEGO
Miejsce wydania Warszawa,
Data publikacji, dystrybucji/powstania dokumentu 1974.
700 1# - HASŁO DODATKOWE - NAZWA OSOBOWA
Nazwa osobowa GRUBERSKA, Ewa
700 1# - HASŁO DODATKOWE - NAZWA OSOBOWA
Nazwa osobowa PODHORSKI, Kazimierz
856 ## - LOKALIZACJA I DOSTĘP DO ELEKTRONICZNYCH DOKUMENTÓW ZDALNYCH
Link (URL) http://koha.tu.koszalin.pl/cgi-bin/koha/opac-detail.pl?biblionumber=26117
Tekst linku Katalog online BPK
942 ## - DODATKOWE ELEMENTY (KOHA)
Typ dokumentu Książka
Egzemplarze
Wycofany Status egzemplarza Uszkodzony Dostępność Lokalizacja stała Lokalizacja bieżąca Miejsce przechowywania Sygnatura Kod kreskowy Typ dokumentu
      Dostępny Biblioteka Politechniki Koszalińskiej Biblioteka Politechniki Koszalińskiej Wypożyczalnia BG 17264 02188768 Książka
© 2023 Biblioteka Politechniki Koszalińskiej :: KOHA